Matemáticas 3 : (Registro nro. 46786)
[ vista simple ]
| 000 -CABECERA | |
|---|---|
| campo de control de longitud fija | 00994nam a2200253 a 4500 |
| 001 - NÚMERO DE CONTROL | |
| campo de control | 000047298 |
| 005 - FECHA Y HORA DE LA ÚLTIMA TRANSACCIÓN | |
| campo de control | 20201002053527.0 |
| 008 - DATOS DE LONGITUD FIJA--INFORMACIÓN GENERAL | |
| campo de control de longitud fija | 180426s2014 dr a 000 0 spa d |
| 020 ## - NÚMERO INTERNACIONAL ESTÁNDAR DEL LIBRO | |
| Número Internacional Estándar del Libro | 9789945118865 (v.1) |
| 020 ## - NÚMERO INTERNACIONAL ESTÁNDAR DEL LIBRO | |
| Número Internacional Estándar del Libro | 9789945118896 (v. 2) |
| 020 ## - NÚMERO INTERNACIONAL ESTÁNDAR DEL LIBRO | |
| Número Internacional Estándar del Libro | 9789945118896 (v. 3) |
| 040 ## - FUENTE DE LA CATALOGACIÓN | |
| Centro catalogador/agencia de origen | DO-SdBNP |
| Lengua de catalogación | spa |
| Centro/agencia transcriptor | BNPHU |
| 082 ## - NÚMERO DE LA CLASIFICACIÓN DECIMAL DEWEY | |
| Número de clasificación | xxxx |
| Número de documento/Ítem | S237m, |
| 100 1# - ENTRADA PRINCIPAL--NOMBRE DE PERSONA | |
| Nombre de persona | Santos, Altagracia |
| 9 (RLIN) | 6594 |
| 245 10 - MENCIÓN DE TÍTULO | |
| Título | Matemáticas 3 : |
| Resto del título | educación primaria / |
| Mención de responsabilidad, etc. | Altagracia Santos, Andrés Molina Moloon; dirección editorial Claudia Llibre ; ilustración Ruddy Núñez... [et. al]. |
| 260 ## - PUBLICACIÓN, DISTRIBUCIÓN, ETC. | |
| Lugar de publicación, distribución, etc. | Santo Domingo : |
| Nombre del editor, distribuidor, etc. | Santillana, |
| Fecha de publicación, distribución, etc. | 2014. |
| 300 ## - DESCRIPCIÓN FÍSICA | |
| Extensión | v. : ; |
| Dimensiones | 29 cm. |
| 505 0# - NOTA DE CONTENIDO CON FORMATO | |
| Información miscelánea | v. 1. |
| Título | libro de texto |
| Información miscelánea | v. 2. |
| Título | Guía didáctica para profesores |
| Información miscelánea | v. 3. |
| Título | Cuaderno, fichas de actividades |
| 590 ## - NOTA LOCAL (RLIN) | |
| Nota local | Inventariado, 2018/VM |
| 700 1# - PUNTO DE ACCESO ADICIONAL--NOMBRE DE PERSONA | |
| Nombre de persona | Molina Moloon, Andrés |
| 9 (RLIN) | 6595 |
| 700 1# - PUNTO DE ACCESO ADICIONAL--NOMBRE DE PERSONA | |
| Nombre de persona | Llibre, Claudia |
| Término indicativo de función/relación | ed. |
| 9 (RLIN) | 30462 |
| 700 1# - PUNTO DE ACCESO ADICIONAL--NOMBRE DE PERSONA | |
| Nombre de persona | Núñez, Ruddy, |
| Término indicativo de función/relación | il. |
| 9 (RLIN) | 23171 |
| 710 2# - PUNTO DE ACCESO ADICIONAL--NOMBRE DE ENTIDAD CORPORATIVA | |
| Nombre de entidad corporativa o nombre de jurisdicción como elemento de entrada | Editorial Santillana (República Dominicana) |
| 9 (RLIN) | 74902 |
| Estado de retiro | Estado de pérdida | No para préstamo | Código de colección | Localización permanente | Ubicación/localización actual | Ubicación en estantería | Fecha de adquisición | Número de inventario | Total de préstamos | Signatura topográfica completa | Código de barras | Fecha visto por última vez | Precio válido a partir de | Tipo de ítem Koha |
|---|---|---|---|---|---|---|---|---|---|---|---|---|---|---|
| Excluido de préstamo | Patrimonio Dominicano | General | General | Depósito | 26.04.2018 | LF1 | v. 2, e. 3 | 47298-30 | 25.06.2020 | 25.06.2020 | Libro y Folleto Colección Patrimonio Dominicano | |||
| Excluido de préstamo | Patrimonio Dominicano | General | General | Depósito | 29.11.2018 | LF1 | v. 3, e. 3 | 47298-40 | 25.06.2020 | 25.06.2020 | Libro y Folleto Colección Patrimonio Dominicano | |||
| Excluido de préstamo | Patrimonio Dominicano | Patrimonio Dominicano | Patrimonio Dominicano | Depósito | 26.04.2018 | LF1 | v. 2 | 47298-10 | 25.06.2020 | 25.06.2020 | Libro y Folleto Colección Patrimonio Dominicano | |||
| Excluido de préstamo | Patrimonio Dominicano | Patrimonio Dominicano | Patrimonio Dominicano | Depósito | 26.04.2018 | LF1 | v. 2, e. 2 | 47298-20 | 25.06.2020 | 25.06.2020 | Libro y Folleto Colección Patrimonio Dominicano | |||
| Excluido de préstamo | Patrimonio Dominicano | Patrimonio Dominicano | Patrimonio Dominicano | Depósito | 29.11.2018 | LF1 | v. 3 | 47298-50 | 25.06.2020 | 25.06.2020 | Libro y Folleto Colección Patrimonio Dominicano |
